Normal view
MARC view
- Opiala, Carmina G.
Entry Personal Name
001 - CONTROL NUMBER
- control field: 36836
003 - CONTROL NUMBER IDENTIFIER
- control field: OSt
005 - DATE AND TIME OF LATEST TRANSACTION
- control field: 20190209151003.0
008 - FIXED-LENGTH DATA ELEMENTS
- fixed length control field: 190209|| aca||aabn | a|a d
040 ## - CATALOGING SOURCE
- Original cataloging agency: OSt
- Transcribing agency: OSt
100 ## - HEADING--PERSONAL NAME
- Personal name: Opiala, Carmina G.
670 ## - SOURCE DATA FOUND
- Source citation: Work cat.: (OSt): Pingos, Crisostomo Jr. A. 36834, Promotion mix strategies and sales performance of small and medium enterprises in Digos City /, November 2018.
